| 000 | 00754nam a2200205Ia 4500 | ||
|---|---|---|---|
| 001 | 1147 | ||
| 003 | GE_BSU | ||
| 008 | 181216s||||||||xx |||||||||||||| ||und|| | ||
| 040 | _cGE_BSU | ||
| 100 | _aტალახაძე, გ. რ. | ||
| 245 | _aსაქართველოს ძირითადი ნიადაგური ტიპები | ||
| 245 | _bდამხ. სახელმძღვანელო სას–სამ.ინ–ტის სტუდენტებისათვის. | ||
| 260 | _aთბილისი | ||
| 260 | _bცოდნა | ||
| 260 | _c1964 | ||
| 300 | _a218 გც..19სმ. | ||
| 541 | _h7 ლ. | ||
| 653 | _aსაქართველოს ნიადაგები | ||
| 942 | _cCF | ||
| 999 |
_c35297 _d35297 |
||